000 00932nam a2200241 a 4500
001 80187
003 BD-RjUL
005 20230528152405.0
008 220808s2004 bg a|||| m||| 00| 0 eng d
035 _a(BD-RjUL)80187
040 _aBD-RjUL
_beng
_cBD-RjUL
_dBD-RjUL
041 _aeng
082 _a583.79
_bMOS 2004
_223
100 _aMondal, Arabinda
_94335
245 0 1 _aStudies on Cytomorphological and Bio-Chemical Differentiation of ten Species of Ipomoea and Their Mutagenic Effectiveness /
_cArabinda Mondal ;
_6Supervisor : Golam Kabir
260 _aRajshahi :
_bDepartment of Botany, University of Rajshahi,
_c2004
300 _avii, 198 Leaves :
_bill, ;
_c29 cm.
502 _aThesis (M. Phil.) -- Department of Botany, University of Rajshahi, 2004
504 _aRefernces : Leaves [187]-198
650 _aMagnoliopsida
_vGeraniales
_xBio-Chemical
_94336
700 _aKabir, Golam, Supervisor
_93775
942 _2ddc
_cTHE
999 _c80187
_d80187